00365nam a2200121Ia 4500003000400000008004100004040001600045082002200061100002900083245010200112300001100214490001800225GCL140319s9999 xx 000 0 ara d aGCL / cGCL04aقb370.62bح ت1 aخطاب عطية على10aالتعليم فى مصر فى العصر الفاطمى الاول / cخطاب عطية على a238 ص a100 قصةv0